000 00209nam a2200109Ia 4500
100 _aDR.LI/ZHISUI
942 _cBK
245 _aPRIVATE LIFE OF CHAIRMAN.
260 _b#N/A
546 _aENGLISH
999 _c25478
_d25478